Riconosci il Pokémon - Quiz n°1007 - Statistics

Statistiche generali
  • Questo quiz è stato fatto 2 volte
  • Il punteggio medio è 5 su 10
Statistiche sulle risposte
Indizio Risposta % Corretto
Tipo Acciaio
100%
Stadio evoluzione Prima evoluzione
100%
Generazione Quinta
100%
Altezza 0,6 m
50%
Peso 51,0 kg
50%
Abilità Più; Meno; Corpochiaro
50%
Sesso Sconosciuto
50%
Tasso di cattura 60 (14.8%)
0%
Pokémon Klang
0%
Tasso di allevamento Medio-Lento
0%
Nessun quiz corrispondente trovato
Distribuzione punteggi
Percentuale di utenti per punteggio
Percentile per numero di risposta
I tuoi punteggi nel tempo
Non hai fatto questo quiz